Apología del plagio /

-д хадгалсан:
Номзүйн дэлгэрэнгүй
Үндсэн зохиолч: France, Anatole (autor)
Формат: Ном
Хэвлэсэн: Palma de Mallorca, España : José J. de Olañeta, 2014, c2014
Цуврал:(Centellas ; 84)
Нөхцлүүд:
Шошгууд: Шошго нэмэх
Шошго байхгүй, Энэхүү баримтыг шошголох эхний хүн болох!

MARC

LEADER 00000nam^a2200000^a^4500
001 000410162
005 20250526000000.0
009 20260310122040.154
020 |a 978-84-9716-874-8 
037 |a Acervo ITESO - Biblioteca 
082 |a 840. 944  |b FRA 
100 |a France, Anatole  |e (autor) 
245 1 0 |a Apología del plagio /  |c A. France ; tr. por Manuel Serrat Crespo. 
264 4 |a Palma de Mallorca, España :  |b José J. de Olañeta,  |c 2014, c2014 
300 |a 54 p. ;  |c 14.0 cm. 
336 |a texto  |b txt  |2 rdacontenido 
337 |a sin mediación  |b n  |2 rdamedio 
338 |a volumen  |b nc  |2 rdasoporte 
440 1 |a (Centellas ;  |v 84) 
500 |a Traducción de: Apologie pour le plagiat 
545 0 |a Anatole France (París, 1844 – Saint-Cyr-sur-Loire, 1924), seudónimo de François Anatole Thibault, escritor francés. Hijo del librero François Noël Thibault, comenzó su carrera como periodista en 1867 y formó parte del movimiento poético del parnasianismo, aunque su producción se centró después en la narrativa. France, quien había sido nombrado bibliotecario del Senado (1876-90), alcanzó el reconocimiento como novelista con El crimen de un académico (1881) y sumó elogios y lectores con Tais (1890), inspirada en la vida de Santa Thais, la cortesana egipcia conversa al cristianismo; Las opiniones de Jerónimo Coignard (1893), en la que captura la atmósfera de fin de siglo, o La azucena roja (1894), relato amoroso ambientado en París y en Florencia. Miembro de la Academia Francesa (1896), se sumó a Emile Zola en la defensa de la inocencia del capitán Alfred Dreyfus, acusado de alta traición y apresado en la Isla del Diablo (1894-1906), y abordó en El señor Bergeret en París (1901), entrega final de su tetralogía Historia contemporánea (1897-1901), el célebre caso del militar de origen judío. Otros de sus títulos más destacados son la alegoría satírica La isla de los pingüinos (1908); la biografía La vie de Jeanne d’Arc (1908) y Los dioses tienen sed (1912), novela situada durante los años del Terror. Simpatizó con la Revolución Rusa (1917) y también mantuvo cercanía, no exenta de crítica, con el comunismo y el socialismo franceses, además de considerar injusto el Tratado de Versalles (1919). Escritor de una erudición refinada y gran elegancia, fue uno de los mayores representantes del racionalismo francés en su generación y se le consideró en su día el prototipo del hombre de letras. Recibió el Premio Nobel de Literatura en 1921. 
586 |a Premio Nobel de Literatura 1921 
649 |a XX 
650 |a Escritores Franceses 
650 |a Imitación (En Literatura) 
650 |a Falsificación y Plagio (Creación) -  |z Francia -  |x Historia -  |y Luis XIV, 1643-1715 
650 |a Falsificación y Plagio (Creación) -  |z Francia -  |x Historia -  |y Siglo XVII 
650 |a Falsificación y Plagio (Creación) -  |z Francia -  |x Historia -  |y Borbones, 1589-1792 
650 |a Falsificación y Plagio (Creación) -  |z Francia -  |x Historia -  |y Período Clásico, 1515-1774 
650 |a Falsificación y Plagio (Creación) -  |z Francia -  |x Historia -  |y Período Moderno, 1848-1919 
650 |a Falsificación y Plagio (Creación) -  |z Francia -  |x Historia -  |y Tercera República, 1870-1940 
650 |a Falsificación y Plagio (Creación) -  |z Francia -  |x Historia -  |x Tema Principal 
650 |a Comedia Francesa -  |x Historia y Crítica 
650 |a Teatro Francés -  |x Historia y Crítica 
650 |a Artículos Periodísticos Franceses 
650 |a Ensayos Franceses 
650 |a Literatura y Periodismo -  |z Francia 
650 |a Literatura Francesa -  |x Historia y Crítica -  |x Tema Principal 
650 |a Literatura Francesa -  |y Siglo XVII 
650 |a Literatura Francesa -  |y Siglo XIX 
650 |a Creación (Literaria, Artística, etc.) 
650 |a Estética 
650 |a Daudet, Alphonse 
650 |a Montégut, Maurice 
650 |a Scarron, Paul 
600 |a Molière 
910 |a Fondo General 
920 |a Impresos - Libros 
930 |a Libros Antiguos y Raros 
940 |a Literatura 
905 |a 108 
901 |a 0500318982  |b IT2  |c LRA  |i C159552  |u 20250526 
902 |a https://opac.biblio.iteso.mx/vufind/Record/000410162